000 00712nam a2200289Ia 4500
005 20260324112856.0
008 008 260324s9999 xx 000 0 eng d
020 _a9781003465492
037 _aEBOOK
040 _aCRL
040 _beng
040 _cCRL
041 _2eng
041 _aeng
084 _qCRL
100 _aMatt Bromley
_91139777
245 4 _aThe Stories We Tell
245 0 _bHow to Use Story and Storytelling to Improve Teaching and School Leadership
260 _bTaylor and Francis
260 _c2024
365 _a
365 _b195
856 _uhttp://www.taylorfrancis.com/books/9781003465492
942 _cEBOOK
999 _c1733875
_d1733875